Europe

Bibliographic Details
Format: Book
Language:English
Published: Singapore : McGraw-Hill Book , 1995
Series:A World Of Stories
Subjects:

MARC

LEADER 00000cam a2200000 7i4500
001 0000035836
005 20120518.0
008 101129 eng
020 |a 0071137564 
090 0 0 |a JF SER 
245 1 0 |a Europe 
260 |a Singapore :   |b McGraw-Hill Book ,   |c 1995 
300 |a 64p, :   |b col.ill ;   |c 24cm. 
440 0 |a A World Of Stories 
650 0 0 |a Junior Fiction 
999 |a 0000093496   |b Buku   |c Koleksi Pinjaman Kanak-Kanak   |e Perpustakaan Cawangan Merlimau 
999 |a 0000337801   |b Buku   |c Koleksi Pinjaman Kanak-Kanak   |e Perbadanan Perpustakaan Awam Melaka 
999 |a 09435   |b Buku   |c Koleksi Pinjaman Kanak-Kanak   |e Perbadanan Perpustakaan Awam Melaka 
999 |a 26014   |b Buku   |c Koleksi Pinjaman Kanak-Kanak   |e Perpustakaan Cawangan Masjid Tanah 
999 |a 35630   |b Buku   |c Koleksi Pinjaman Kanak-Kanak   |e Perpustakaan Cawangan Jasin 
999 |a 8437   |b Buku   |c Koleksi Pinjaman Kanak-Kanak   |e Perpustakaan Cawangan Merlimau